Open Data Biblioteca Nacional de Portugal


República Portuguesa: Ministério da Cultura
Biblioteca Nacional de Portugal

Catálogo da BNP: acesso por Identificadores Unívocos
Registos Bibliográficos associados ao registo de autoridade

Etiqueta de registo: 00230nam 2200025 450
001 2287613
003 http://id.bnportugal.gov.pt/bib/catbnp/2287613
010 ## $a978-989-9275-63-8
021 ## $aPT$b557020/25
100 ## $a20260609d2026 k y0pory01030103ba
101 0# $apor$aeng
102 ## $aPT
105 ## $aa z 000yy
106 ## $ar
200 1# $aLiving memories & media$dmemória viva & media$fed. Rosa Cabecinhas, Isabel Macedo, Luiza Lins$zpor
205 ## $a1ª ed
210 #9 $aVila Nova de Famalicão$cHúmus,$d2026
215 ## $a255 p.$cil.$d23 cm
510 1# $amemória viva & media$zpor
532 13 $aLiving memories and media$zeng
532 13 $amemória viva e media$zpor
702 #1 $aCabecinhas,$bRosa$4340$3165484
702 #1 $92$aMacedo,$bIsabel Maria$4340$31709978
702 #1 $aLins,$bLuiza$4340$32000224
801 #0 $aPT$bBN$gRPC
966 ## $lBN$mFGMON$x1
966 ## $lBN$mFGMON$x1
971 ## $corlando$d20260609

OpendataBNP@bnportugal.pt | Mais informação sobre acesso aos dados BNP